| 000 | 00410nam a2200121Ia 4500 | ||
|---|---|---|---|
| 008 | 220620s9999||||xx |||||||||||||| ||und|| | ||
| 245 | 0 | _aDigital Filters and Signal Processing | |
| 546 | _aEnglish[eng] | ||
| 650 | _aSystems analysis & design | ||
| 700 | _aPedro GarciÌa MaÌrquez, Fausto||Zaman, Noor | ||
| 856 | _uhttps://mts.intechopen.com/storage/books/3198/authors_book/authors_book.pdf | ||
| 942 | _cEB | ||
| 999 |
_c27106 _d27106 |
||